00829nam a2200229 a 450000100060000000300090000600800410001502000180005604000280007408200190010210000340012124500960015526000310025130000110028259000470029365000200034065000300036065000260039094200120041699900170042895201540044519772CO-ViMGA141112s2004 ck r 000 u spa d a968.24.6539.7 aCO-ViMGAbspacCO-ViMGA04a153.1532 B351t1 aBenassini Felix, Oscar92861710aTrastornos de la Atención : bOrigen, Diagnóstico, tratamiento y enfoque psicoeducativo aMexico : bTrillas, c2002 a172 p. aForma de adquisición : Premio Mincultura14aATENCION92861814aPSICOLOGIA INFANTIL9163114aPSICOPEDAGOGIA914915 2ddccBK c28904d28904 00102ddc40708002aMEVIECARbMEVIECARd2015-12-04hVolumen. 1 | 11/jun/2009l0o153.1532 B351t p19772r2015-12-04 00:00:00tEj. 1w2015-12-04yBK